Property market report 2010 (Record no. 110848)

MARC details
000 -LEADER
fixed length control field 01726cad a22002655a 4500
001 - CONTROL NUMBER
control field L150369
008 - FIXED-LENGTH DATA ELEMENTS--GENERAL INFORMATION
fixed length control field 100706s2010 xxkd f s f000 0 eng u
035 ## - SYSTEM CONTROL NUMBER
System control number (Sirsi) u150369
041 ## - LANGUAGE CODE
Language code of text/sound track or separate title eng
050 0# - LIBRARY OF CONGRESS CALL NUMBER
Classification number 333.33 $2 18
110 2# - MAIN ENTRY--CORPORATE NAME
Corporate name or jurisdiction name as entry element Valuation Office Agency
9 (RLIN) 3141
245 00 - TITLE STATEMENT
Title Property market report 2010
Remainder of title the annual guide to the property market across England, Wales and Scotland
Medium [electronic resource]
260 ## - PUBLICATION, DISTRIBUTION, ETC.
Place of publication, distribution, etc. London
Name of publisher, distributor, etc. VOA
Date of publication, distribution, etc. 2010
505 2# - FORMATTED CONTENTS NOTE
Formatted contents note Introduction -- The agricultural land and property market -- The residential building land market -- The retail market -- The office market --The industrial market -- The industrial land market -- The housing market -- Annex: methodology
520 ## - SUMMARY, ETC.
Summary, etc. The Valuation Office Agency's first new format annual guide to the English, Welsh and Scottish property markets contains January 2010 data. The new guide offers an increased coverage of property types including shops, office and industrial property but with a reduced number of data points focusing on major property centres in the UK. Exceptionally the housing market dataset will be updated at midyear.
521 ## - TARGET AUDIENCE NOTE
Target audience note Advanced
590 ## - LOCAL NOTE (RLIN)
Local note KA NTK
650 ## - SUBJECT ADDED ENTRY--TOPICAL TERM
Topical term or geographic name entry element VOA PROPERTY MARKET REPORT
651 #4 - SUBJECT ADDED ENTRY--GEOGRAPHIC NAME
Geographic name England and Wales
Chronological subdivision 1543-
651 #4 - SUBJECT ADDED ENTRY--GEOGRAPHIC NAME
Geographic name Scotland
Chronological subdivision 1999-
690 ## - LOCAL SUBJECT ADDED ENTRY--TOPICAL TERM (OCLC, RLIN)
Topical term or geographic name as entry element PROPERTY-PROPERTY MARKET
856 40 - ELECTRONIC LOCATION AND ACCESS
Uniform Resource Identifier <a href="https://webarchive.nationalarchives.gov.uk/20110320170052/http://www.voa.gov.uk/publications/property_market_report/index.htm">https://webarchive.nationalarchives.gov.uk/20110320170052/http://www.voa.gov.uk/publications/property_market_report/index.htm</a>
Public note View the reports Spring 2001 to 2010 free of charge at http://webarchive.gov.uk
856 40 - ELECTRONIC LOCATION AND ACCESS
Uniform Resource Identifier <a href="https://www.voa.gov.uk/dvs/propertyMarketReport/index.html">https://www.voa.gov.uk/dvs/propertyMarketReport/index.html</a>
Public note View the current report (2011) and the 1982 special report free of charge at www.voa.gov.uk
942 ## - ADDED ENTRY ELEMENTS (KOHA)
Suppress in OPAC 0
Holdings
Withdrawn status Lost status Source of classification or shelving scheme Damaged status Not for loan Home library Current library Shelving location Date acquired Total Checkouts Full call number Barcode Date last seen Copy number Price effective from Koha item type
    Dewey Decimal Classification     Virtual Virtual Online 06/07/2010   ONLINE PUBLICATION 150369-2001 06/08/2019 1 06/08/2019 Book